MDQL
is popping MORE tags! Check the
thread
!
Quizzes
Events
Quiz Creation
Community
Videos
Private Events
Remove Ads
Sign In
Join for FREE
Feedback
Dark Mode
Quiz Categories
Sports
Geography
Music
Movies
Television
Just For Fun
Miscellaneous
History
Literature
Language
Science
Gaming
Entertainment
Religion
Holiday
For Kids
Quiz Lab
Recent
Popular Today
Quiz Kudos Today
Editor Picks
Curator Picks
Quizzes by...
Day
Popularity
Type
Ratings
Length
Year
Community
Subscriptions
Recent Discussions
Orange Saloon
Badges
Playlists
Quests
Create
Leaderboards
Showdown
Live 5
Trivia Bingo
Activity
Puzzle Library
Sporcle Events
Private Events
Virtual Trivia
Globe League
Become a Host
Pub Owners
SporcleCon
Opinionation
Our Games
Videos
Blog
Mobile Apps
Partnerships
Remove Ads and Go Orange
Feedback
Gaming
Video Games
Board Games
Card Games
Pokémon
Mario
Nintendo
Minecraft
Console
Toys
Legend of Zelda
Gaming
Video Games
Board Games
Card Games
Pokémon
Mario
Nintendo
Minecraft
Console
Toys
Legend of Zelda
Random Quiz
Search Sporcle
×
Quiz Lab
Quiz Lab
Gaming
Letter
Type in answers that appear in a list
Type in answers that appear in a list
Classic
Best Score? Go Orange.
Pokemon with only 6 letters Stats
Can you name the Pokemon with only 6 letters?
By
slendon19
10m
129 Questions
141 Plays
141 Plays
141 Plays
Comments
Comments
Give Quiz Kudos
Give Quiz Kudos
-
- Ratings
hide this ad
Replay
Link that replays current quiz
Next Quiz
Link to next quiz in quiz playlist
You Got
0%
They Got
Avg Score
52%
Avg Friend Score
Upgrade to see
Score Distribution
Jump to the score distribution portion of the page
Score
0/129
Timer
10:00
0
Plays Today
Hint
Answer
% Correct
Weedle
80.9%
Kakuna
80.1%
Mewtwo
78%
Pidgey
75.2%
Raichu
73.8%
Golbat
69.5%
Oddish
68.1%
Crobat
67.4%
Gengar
66%
Magmar
66%
Fearow
65.2%
Machop
65.2%
Zapdos
65.2%
Cleffa
65.2%
Gastly
64.5%
Elekid
64.5%
Furret
63.8%
Grimer
63.1%
Celebi
62.4%
Horsea
61.7%
Lapras
61.7%
Mudkip
61.7%
Plusle
61.7%
Meowth
61%
Seadra
60.3%
Kabuto
60.3%
Piplup
60.3%
Tauros
59.6%
Ledyba
59.6%
Ledian
59.6%
Kyogre
59.6%
Rhydon
58.9%
Togepi
58.9%
Raikou
58.9%
Mr. Mime
58.9%
Pinsir
58.2%
Latias
58.2%
Latios
58.2%
Deoxys
57.4%
Arceus
57.4%
Vulpix
56.7%
Mankey
56.7%
Krabby
56.7%
Hint
Answer
% Correct
Ponyta
56%
Lairon
56%
Dustox
55.3%
Kirlia
55.3%
Spheal
55.3%
Starly
55.3%
Emboar
55.3%
Staryu
54.6%
Beldum
54.6%
Metang
54.6%
Bidoof
54.6%
Mime Jr.
54.6%
Aggron
54.3%
Marill
53.9%
Espeon
53.9%
Sealeo
53.9%
Dodrio
53.2%
Mareep
53.2%
Grotle
53.2%
Regice
53.2%
Lombre
52.5%
Seedot
51.8%
Gulpin
51.1%
Palkia
51.1%
Pidove
51.1%
Cubone
50.4%
Swinub
50.4%
Skitty
50.4%
Mawile
50.4%
Mothim
50%
Bonsly
49.6%
Dewott
49.6%
Dialga
48.9%
Hoppip
48.2%
Scizor
48.2%
Slugma
48.2%
Swablu
48.2%
Baltoy
48.2%
Phione
48.2%
Swalot
47.5%
Feebas
47.5%
Woobat
47.5%
Goodra
47.5%
Hint
Answer
% Correct
Lileep
46.8%
Wynaut
46.8%
Luxray
46.8%
Litleo
46.8%
Spoink
46.1%
Flygon
46.1%
Kyurem
46.1%
Keldeo
46.1%
Noibat
46.1%
Phanpy
45.4%
Spinda
45.4%
Cacnea
45.4%
Glalie
45.4%
Pyroar
44.7%
Espurr
44.7%
Wooper
44%
Pineco
44%
Gligar
43.3%
Buizel
43.3%
Spewpa
42.6%
Gabite
41.8%
Yamask
41.8%
Chatot
41.1%
Patrat
41.1%
Zekrom
41.1%
Skiddo
41.1%
Gogoat
41.1%
Combee
40.4%
Emolga
40.4%
Durant
39.7%
Tynamo
39.7%
Amaura
39%
Tyrunt
38.3%
Stunky
37.6%
Snover
37.6%
Joltik
37.6%
Golurk
37.6%
Skrelp
37.6%
Golett
36.9%
Klefki
36.9%
Archen
34%
Audino
32.6%
Elgyem
29.1%
Quiz Playlist
Details
Report
Send in Message
Add To Playlist
Classic:
Type in answers that appear in a list
Last Updated: Feb 16, 2017
Quiz Scoreboard
CHALLENGE
Sign Up to Join the Scoreboard
Show All
Scores
Hide
Comments
May contain spoilers
Recently Published
Holiday 10x10 Sorting Gallery
by lukepisani3
Holiday
15m
Two Season TV Shows II
by 123Four
Television
10m
Image Sorting: Flags VI
by Barbecue
Geography
2m
More to Explore
Quiz From the Vault
Featured Blog Post
14 Easter Pick-up Lines to Find Eggs With
hide this ad
You Might Also Like...
Tags
Letter Quiz
Pokémon Quiz
Today's Top Quizzes in Gaming
Browse Gaming
hide this ad
Today's Top Quizzes in Letter
Browse Letter
Top Contributed Quizzes in Gaming
1
League of Legends Pro Players by Career/Team History
2
Genshin Impact Logic Puzzle
3
Destiny 2 exotic weapons by perk icons
4
Genshin murder mystery
5
4x4 Decades: Video Games
6
Genshin Impact Logic Puzzle Quiz
7
Ultimate Genshin Impact Logic Puzzle (up to 4.3)
8
Dead By Daylight Logic Puzzle
9
Who's on the WWE 2K24 Cover?
10
Overwatch Logic Puzzle
Explore More
Trending Topics
Disney
Harry Potter
Kpop
Crossword
Marvel
NBA
Anime
NFL
Pokémon
Puzzle
Song
WWE
The Office
Country
Soccer
hide this ad
More By:
slendon19
Quiz
Plays
Rating
Category
Featured
Created
Minecraft Grab Bag
3,190
3.69
Gaming
May 17, 2016
Find the Dragon Pokemon
2,203
4.75
Gaming
Dec 20, 2016
Ultimate Pokemon Grab Bag (All Gens)
1,611
4.00
Gaming
Aug 30, 2016
Name the Baldi's Basics Characters
1,281
5.00
Gaming
Jun 28, 2018
Pokemon True or False
1,188
2.25
Gaming
Oct 13, 2016
Go to Creator's Profile
Score Distribution
Quiz Creator Spotlight
slendon19
Follow
Send a Message
Quizzes Created
-
Created Quiz Play Count
-
More By This Creator
Popular Quizzes Today
1
Find the US States - No Outlines Minefield
2
Colored Red Africa Blitz
3
Find the 'City' Movie
4
The Countries of the World
5
5x2 Blitz: Bands
6
Find the Countries of Europe - No Outlines Minefield
7
Find the US States
8
US States
More Gaming Quizzes
Multiple Choice: Fallout
Quiz Lab
Trending Quizzes
Colored Red Europe Blitz I
Colored Red Africa Blitz II
Colored Red Europe Blitz II
Even More Two Season TV Shows
Colored Red Africa Blitz III
Recently Updated
Quick Pick: 20 Twenties
pecheneg
March Madness Men's Triple Doubles
pecheneg
How Do You Spell That?
pecheneg
Godzilla Movies
pecheneg
Grab Bag: 4-10 Letters
pecheneg
2024 March Madness Bracket
pecheneg
Famous TV Couples
Peacemaker
Champions League XIs: Real Madrid
pecheneg
Largest US Cities 1790-2010
pecheneg
Rides in Walt Disney World
pecheneg
Trending Topics
Harry Potter
Disney
Anime
NBA
Kpop
Crossword
Marvel
Country
Pokémon
Puzzle
The Office
NFL
Song
Soccer
WWE
Your Account Isn't Verified!
In order to create a playlist on Sporcle, you need to verify the email address you used during registration. Go to your
Sporcle Settings
to finish the process.
Report this User
Report this user for behavior that violates our
Community Guidelines
.
Details:
Send Report
Go to the Sporcle.com Mobile Site →
Comments